000 00799nas a2200253 4500
001 BR9604430
003 BR-BrBNA
005 20231205095317.0
007 ta
008 230509b bl.|||p| |||| 00| 00por d
040 _aBR-BrBNA
_bpor
_cBiblioteca Nacional de Agricultura
041 _a(Pt)
072 _aP40
100 1 _aAspiazu, C.
100 1 _aRibeiro, G.A.
100 1 _aRibeiro, J.C.
100 1 _aAlves, L.M.
245 1 _aPreenchimento de redes de celulas com dados climaticos de Minas Gerais estimados por digitalizacao de mapas isaritmicos
650 _aZoneamento Climatico
650 _aMinas Gerais
773 0 _tRevista Arvore (Brazil)
_xISSN 0100-6762
_g(Jul-Dec 1989), v. 13(2) p. 131-139
_wBR9604430
909 _a202311
_bLúcia
_c55
_dLúcia Elande
942 _2AGRIS
_n0
_cANA
999 _c149987
_d149987